000 00857nam a2200253Ia 4500
003 OSt
005 20220923215247.0
006 a|||||r|||| 00| 0
007 ta
008 220922b |||||||| |||| 00| 0 hin d
024 _a177,178
037 _cTextual
040 _aARTS
_cARTS
_bhin
041 _2hin
_ahin
082 _aO152,1:g(P:75), L7
100 _aमिश्र, गौरी शंकर, विजेन्द्र
_9163707
245 0 _aछंदो दर्पण
246 _aChhando darpaṇa
260 _aपटना
_b अनुपम प्रकाशन
_c1977
300 _a199 पृ.
_ccm.
650 _aहिन्दी साहित्य
_9156264
942 _hO152,1:g(P:75), L7
_cTEXL
_2CC
999 _c330573
_d330573